| Tag |
First Indicator |
Second Indicator |
Subfields |
| LEADER |
00000cam a2200000 4500 |
| 001 |
in00000016699 |
| 005 |
20151007052836.0 |
| 008 |
800619s1935 ge af b 00010 ger |
| 010 |
|
|
|a ac 35002816
|
| 035 |
|
|
|a (OCoLC)06441479
|
| 035 |
|
|
|9 AAA9394AM
|
| 040 |
|
|
|a DLC
|c AFU
|d OCL
|d TXA
|d UtOrBLW
|
| 049 |
|
|
|a TXAM
|c [A11485985]
|
| 050 |
|
4 |
|a NK4645
|b .W42 1935
|
| 100 |
1 |
|
|a Webster, T. B. L.
|q (Thomas Bertram Lonsdale),
|d 1905-1974.
|
| 245 |
1 |
4 |
|a Der Niobidenmaler /
|c T. B. L. Webster.
|
| 264 |
|
1 |
|a Leipzig :
|b H. Keller,
|c 1935.
|
| 300 |
|
|
|a 24 pages, 24 leaves of plates :
|b illustrations ;
|c 30 cm.
|
| 336 |
|
|
|a text
|b txt
|2 rdacontent
|
| 337 |
|
|
|a unmediated
|b n
|2 rdamedia
|
| 338 |
|
|
|a volume
|b nc
|2 rdacarrier
|
| 490 |
1 |
|
|a Bilder griechischer vasen ;
|v Hft. 8
|
| 504 |
|
|
|a Includes bibliographical references.
|
| 650 |
|
0 |
|a Vase-painting, Greek.
|
| 830 |
|
0 |
|a Forschungen zur antiken Keramik.
|n I Reihe,
|p Bilder griechischer Vasen ;
|v Hft. 8.
|
| 999 |
|
|
|a MARS
|
| 999 |
f |
f |
|s 0821a064-514b-3fc0-842f-6e4f854204c4
|i 377f6fcb-34d9-3e69-b72f-e23c50be121a
|t 0
|
| 952 |
f |
f |
|p normal
|a Texas A&M University
|b College Station
|c Sterling C. Evans Library
|d Evans: Library Stacks
|t 0
|e NK4645 .W42 1935
|h Library of Congress classification
|i unmediated -- volume
|m A14811485985
|
| 998 |
f |
f |
|a NK4645 .W42 1935
|t 0
|l Evans: Library Stacks
|